000 00970nam a2200289 a 4500
001 000024354
005 20240516195916.0
008 110126s2000 sp a r 000 | spa d
020 _a8479531649
040 _aDO-SdBNP
_bspa
_cBNPHU
041 1 7 _aeng
_hspa
_2Código de idioma MARC
082 _a641.5637
_bD537n
100 1 _aDiamond, Marilyn
_948035
240 1 0 _aFitonics for life.
_lEspañol
245 1 3 _aLa nueva antidieta /
_cMarilyn Diamond, Donald Burton Schnell ; traducción de Rosa Arruti, Natalia Carrero.
260 _aBarcelona, (España) :
_bEdiciones Urano,
_c2000.
300 _a381 p. :
_bil. ;
_c23 cm.
534 _aTítulo original :
_tFitonics for life.
650 4 _aDieta
_930867
650 0 _aGastronomía
_9362
650 0 _aNutrición
_912779
650 4 _aHábitos alimenticios
_920094
700 1 _aSchnell, Donald Burton
_949948
700 1 _aArruti, Rosa,
_etr.
_932521
700 1 _aCarrero, Natalia,
_etr.
_949949
049 _aBNRG
999 _c23847
_d23847